Представление документа в формате MARC21

Поле Инд. ПП Название Значение
Тип записи a
Библиографический уровень b
001 Контрольный номер RU/IS/BASE/441287019
005 Дата корректировки 20200522191632.2
008 Кодируемые данные 20131225
040 b Код языка каталог. rus
e Правила каталог. PSBO
041 0_ a Код языка текста rus
084 a Индекс другой классификации/Индекс ББК 65.262.65(2Рос)-24
100 1_ a Автор Полякова О.
100 1_ a Автор Горидько Н.
245 10 a Заглавие Факторный регрессионный анализ инфляционных процессов в российской экономике 1999 - 2010 годов
504 a Библиография Лит. в конце статьи
520 a Аннотация В статье построены регрессионные модели инфляции в России для двух индикаторов: индекса потребительских цен и дефлятора ВВП. Определены факторы, имеющие наиболее существенное влияние на показатели инфляции. Предложены рекомендации по усилению антиинфляционной политики в России.
650 14 a Основная рубрика кредитно-денежная система
a Основная рубрика финансы
a Основная рубрика экономика
a Основная рубрика экономический анализ
653 1_ a Ключевые слова антиинфляционная политика
a Ключевые слова валовой внутренний продукт (ВВП)
a Ключевые слова дефлятор ВВП
a Ключевые слова индекс потребительских цен
a Ключевые слова инфляция
a Ключевые слова конкурентоспособность экономики
a Ключевые слова макроэкономика
a Ключевые слова монетарные модели
a Ключевые слова регрессионные модели
a Ключевые слова Россия
a Ключевые слова социально-экономическое развитие
a Ключевые слова эффективность экономики
773 08 t Заглавие источника РИСК: ресурсы, информация, снабжение, конкуренция
d Дата издания источника 2012
g Прочая информация № 3. - С. 193 - 199 : табл.
w Контрольный № источника RU/IS/BASE/407439363
901 t Тип документа b